| 000 | 00667nam a2200253Ia 4500 | ||
|---|---|---|---|
| 003 | OSt | ||
| 005 | 20220918230940.0 | ||
| 006 | a|||||r|||| 00| 0 | ||
| 007 | ta | ||
| 008 | 220917b |||||||| |||| 00| 0 eng d | ||
| 024 | _a261,719 | ||
| 037 | _cTextual | ||
| 040 |
_aARTS _cARTS _beng |
||
| 041 |
_2eng _aeng |
||
| 082 | _aY7:(R), L5 | ||
| 100 |
_aMehan Hugh _9153561 |
||
| 245 | 0 | _aReality of ethnomethodology | |
| 260 |
_aNew York _bJohn Wiley and Sons _c1975 |
||
| 300 |
_a259p. _ccm. |
||
| 650 | _aSOCIOLOGY | ||
| 700 |
_a Wood Houston _9153562 |
||
| 942 |
_hY7:(R), L5 _cTEXL _2CC |
||
| 999 |
_c289351 _d289351 |
||